Дол березовых туманов: Повести, рассказы, новеллы

Detaylı Bibliyografya
Yazar: Егоров А. И. Александр Иванович
Diğer Yazarlar: Тетенко Л. (иллюстратор)
Özet:Исключено из фонда НТБ ТПУ
Dil:Rusça
Baskı/Yayın Bilgisi: Алма-Ата, Жазушы, 1987
Materyal Türü: Kitap
KOHA link:https://koha.lib.tpu.ru/cgi-bin/koha/opac-detail.pl?biblionumber=138827

MARC

LEADER 00000nam0a2200000 4500
001 138827
005 20231031141546.0
020 |a RU  |b 87-78014 
035 |a (RuTPU)RU\TPU\book\150407 
090 |a 138827 
100 |a 20080530d1987 m y0rusy5003 ca 
101 0 |a rus 
102 |a KZ 
105 |a c z 000ay 
200 1 |a Дол березовых туманов  |e Повести, рассказы, новеллы  |f Александр Егоров  |g [Худож. Л. Тетенко] 
210 |a Алма-Ата  |c Жазушы  |d 1987 
215 |a 366,[2] с.  |c портр., ил.  |d 21 см 
327 1 |a Содерж.: Повести: Черные тени войны; Дол березовых туманов; Рассказы, новеллы: На красных такырах; Берестяной туес; Посмотреть бы на горы с высоты; Летучий пантач; В тайге; Скупая одинокая слеза; Степь осенняя, и др. 
333 |a Исключено из фонда НТБ ТПУ 
675 |a Р2  |z rus 
700 1 |a Егоров  |b А. И.  |g Александр Иванович  |4 070 
702 1 |a Тетенко  |b Л.  |4 440 
801 0 |a RU  |b RuMRKP  |c 19950417  |g psbo 
801 2 |a RU  |b 63413507  |c 20210511  |g PSBO 
942 |c BK